Ternera, 7, tercero (Record no. 160542)
[ view plain ]
| 000 -LEADER | |
|---|---|
| campo de control de longitud fija | 01304nam a22002535i 4500 |
| 001 - NÚMERO DE CONTROL | |
| campo de control | 160542 |
| 003 - IDENTIFICADOR DE NÚMERO DE CONTROL | |
| campo de control | ES-MaACL |
| 005 - FECHA Y HORA DE LA ÚLTIMA TRANSACCIÓN | |
| campo de control | 20251002202536.0 |
| 008 - DATOS DE LONGITUD FIJA--INFORMACIÓN GENERAL | |
| campo de control de longitud fija | 000406s1878 sp |||| | spa d |
| 040 ## - FUENTE DE CATALOGACIÓN | |
| Centro catalogador/agencia de origen | CAM |
| Lengua de catalogación | spa |
| Centro/agencia transcriptor | CAM |
| 100 1# - ENTRADA PRINCIPAL--NOMBRE DE PERSONA | |
| Nombre de persona | Navarro, Calisto. |
| 9 (RLIN) | 130413 |
| 245 10 - MENCIÓN DEL TÍTULO | |
| Título | Ternera, 7, tercero |
| Resto del título | : juguete cómico-lírico en un acto y en verso / |
| Mención de responsabilidad, etc. | original de Calisto Navarro y Manuel Cuartero ; música del maestro Isidoro Hernández. |
| 260 ## - PUBLICACIÓN, DISTRIBUCIÓN, ETC. | |
| Lugar de publicación, distribución, etc. | Madrid : |
| Nombre del editor, distribuidor, etc. | [Alonso Gullon editor], |
| Fecha de publicación, distribución, etc. | 1878 ( |
| Fabricante | Establecimiento tipográfico de J.C. Conde y compañía) |
| 300 ## - DESCRIPCIÓN FÍSICA | |
| Extensión | 26 p. ; |
| Dimensiones | 19 cm. |
| 490 1# - MENCIÓN DE SERIE | |
| Mención de serie | El teatro: colección de obras dramáticas y líricas |
| 500 ## - NOTA GENERAL | |
| Nota general | En port.: Estrenado en Madrid en el Teatro de Eslava la noche del 25 de mayo de 1878. |
| 500 ## - NOTA GENERAL | |
| Nota general | Solo la letra. |
| 596 ## - NOTA AL PIE DE IMPRENTA | |
| NOTA AL PIE DE IMPRENTA | Ed. y mención de serie tomados de la cub. |
| 700 11 - ENTRADA AGREGADA--NOMBRE PERSONAL | |
| Nombre de persona | Cuartero, Manuel. |
| 9 (RLIN) | 126653 |
| 700 1# - ENTRADA AGREGADA--NOMBRE PERSONAL | |
| Nombre de persona | Hernández, Isidoro, |
| Fechas asociadas al nombre | 1847-1888 |
| 9 (RLIN) | 127916 |
| 830 03 - PUNTO DE ACCESO ADICIONAL DE SERIE-TÍTULO UNIFORME | |
| Título uniforme | El teatro: colección de obras dramática y líricas |
| 9 (RLIN) | 221753 |
| 852 ## - LOCALIZACIÓN | |
| Ubicación | ES-MaACL |
| Número de control de estantería | F-8578(6) |
| Nota libre | -- Enc. pasta española |
| -- | -- Dedicatoria ms. de los autores a Angel Povedano |
| condición física | -- Falto de la cub. original |
| Nota libre | -- Enc. en un vol. facticio ormando parte de la col. facticia Teatro español moderno, vol. 31 |
| Estatus retirado | Estado de pérdida | Estado de daño | No para préstamo | Colección | Biblioteca de origen | Biblioteca actual | Ubicación en estantería | Fecha de adquisición | Total de préstamos | Signatura topográfica completa | Código de barras | Visto por última vez | Precio de reemplazo | Tipo de ítem Koha |
|---|---|---|---|---|---|---|---|---|---|---|---|---|---|---|
| Libros del s. XIX | Biblioteca del Ateneo de Madrid | Biblioteca del Ateneo de Madrid | Sala Pecera Planta 2 | 17/01/2008 | F-8578(6) | 1168098 | 23/02/2023 | 23/02/2023 | Libro impreso antiguo |
